000 01218pam a2200289 a 4500
001 3873490
003 NUST-PNEC
005 20170116180705.0
008 891204s1990 nyua f 001 0 eng
010 _a 89043670
020 _a007057183X
040 _aDLC
_cPNEC
_dDLC
050 0 0 _aQD61
_b.S58 1990
082 0 0 _a542 SHU
100 1 _aShugar, Gershon J.,
_d1918-
245 1 0 _aChemical technicians' ready reference handbook /
_cGershon J. Shugar, Jack T. Ballinger ; consulting editors, Ronald A. Shugar, Lawrence Bauman, Rose Shugar Bauman.
250 _a3rd ed.
260 _aNew York :
_bMcGraw-Hill,
_cc1990.
300 _axix, 889 p. :
_bill. ;
_c25 cm.
500 _aIncludes index. http://www.amazon.com/Chemical-Technicians-Ready-Reference-Handbook/dp/007057183X/ref=sr_1_1?s=books&ie=UTF8&qid=1411204386&sr=1-1&keywords=007057183x
500 _aUpdated ed. of: Chemical technicians' ready reference handbook / Gershon J. Shugar ... [et al.]. 2nd ed. c1981.
650 0 _aChemistry
_xManipulation
_xHandbooks, manuals, etc.
700 1 _aBallinger, Jack T.
730 0 _aChemical technicians' ready reference handbook.
906 _a7
_bcbc
_corignew
_d1
_eocip
_f19
_gy-gencatlg
942 _2ddc
_cBK
999 _c60699
_d60699